| 000 | 00700nam a22002057a 4500 | ||
|---|---|---|---|
| 005 | 20250228152143.0 | ||
| 008 | 220408b ||||| |||| 00| 0 eng d | ||
| 020 | _a9781137604910 | ||
| 040 | _cAIMIT LIBRARY | ||
| 082 |
_21 _a658.406 _bPLEU |
||
| 100 |
_aPlesner, Ursula. _928556 |
||
| 245 |
_aDigital organizing : _brevisiting themes in organization studies / _cBy Ursula Plesner and Emil Husted. |
||
| 250 | _a1st ed. | ||
| 260 |
_aEngland : _bRed Globe Press ; _c2020. |
||
| 300 |
_ax,272p. ; _c23.5 cm. _b23 cm. |
||
| 650 | _2Revisiting themes in organization studies | ||
| 650 | _2Implications of digital organizing | ||
| 700 |
_aHusted, Emil. _928557 |
||
| 942 |
_2ddc _cBK _e1st _k658.406 PLEU |
||
| 999 |
_c222288 _d222288 |
||